000 00817nam a2200253Ia 4500
999 _c50881
_d50881
001 17836
003 GE_BSU
005 20200226120251.0
008 181216s2004ru xx |||||||||||||| ||rus||
020 _a9785982270184
040 _cGE_BSU
080 _a81' 25 В-49
100 _aВиноградов,В.С.
_97474
245 _aПеревод :
_bОбщие и лексичесие вопросы /
_cВ.С. Виноградов,
250 _a2-изд.
264 _aМосква :
_bКнижный дом,
_c2004.
300 _a236с тр. :
_c 20 см.
500 _aБиблиогр. стр.226-233
653 _aВедение в перевоведение
653 _aЛексика
653 _aთარგმნის თეორია
653 _aლექსიკა
942 _cBK
_2udc